| 000 | 00000nam##2200000za#4500 |
| 001 | 9.572308 |
| 003 | CaOODSP |
| 005 | 20210624183144 |
| 007 | cr ||||||||||| |
| 008 | 150406|1998||||xxc|||||o f|0| 0 eng|d |
| 040 | |aCaOODSP|beng |
| 043 | |an-cn--- |
| 086 | 1 |aF21-6/1998-13E-PDF |
| 110 | 1 |aCanada.|bDepartment of Finance.|bTask Force on the Future of the Canadian Financial Services Sector. |
| 245 | 10|aDeposit insurance and other compensation arrangements / |h[electronic resource]|cby A. Warren Moysey. |
| 260 | |aOttawa - Ontario : |bFinance Canada. |cSeptember 1998. |
| 300 | |a105p.|breferences, tables |
| 490 | 1 |aResearch paper prepared for the Task Force on the Future of the Canadian Financial Services Sector |
| 500 | |aIncorrect catalogue number (BT22-61/3-1998E-13) copied in this PDF edition. The ISBN (0-662-27152-1) for the print edition has been incorrectly copied in this electronic publication. |
| 590 | |a11-29-Supp|b2011-11-25 |
| 690 | 07|aFinancial institutions|2gcpds |
| 720 | 1 |aMoysey, A. Warren |
| 775 | 08|tAssurance-dépôts et autres mécanismes d'indemnisation / |w(CaOODSP)9.602685 |
| 776 | 0#|tDeposit insurance and other compensation arrangements / |w(CaOODSP)9.614542 |
| 830 | #0|aResearch paper prepared for the Task Force on the Future of the Canadian Financial Services Sector.|w(CaOODSP)9.506754 |
| 856 | 40|ahttp://publications.gc.ca|qPDF|s665 KB|uhttps://publications.gc.ca/collections/Collection/F21-6-1998-13E.pdf |